000 01192cam a22003497a 4500
003 CHAP
005 20220329141940.0
008 980909d1994 es a r 00110 spa d
010 _a76139
011 _a77111
020 _a8487440517
035 _a86713
040 _cCHAP
082 0 4 _a641.452
_bL66
100 0 0 _aLópez Gómez, Antonio.
_967939
245 1 4 _aLas instalaciones frigoríficas en las industrias agroalimentarias :
_bmanual de diseño
_c/por Antonio López Gómez
260 _aMadrid :
_bA. Madrid Vicente Ed.,
_c1994.
300 _a299 p. :
_bilus. ; gráfs.
590 _aBATCH-UPD
_b10
_c20130110
_lUCH01
_h0014
590 _aBATCH-UPD
_b10
_c20130110
_lUCH01
_h1445
590 _aBATCH-UPD
_b10
_c20130409
_lUCH01
_h1952
590 _aBATCH-UPD
_b10
_c20130410
_lUCH01
_h0915
590 _aBATCH-UPD
_b10
_c20130914
_lUCH01
_h0153
590 _aCONVERSION
_b10
_c20130109
_lUCH01
_h1342
650 1 4 _aAlimentos
_xConservación.
_94179
650 1 4 _aFrigoríficos.
_943317
650 1 4 _aRefrigeración.
_995611
901 _aBK
905 _aGuadalupe Pinto C.
942 _cLIBRO
949 _a641.452 L66
_bBC
_cLIBRO
_d33724000703104
_eLIBRO
_gI.191586
_h93520
_i86713
_si
_t$322.00
999 _c76139
_d76139